[Event "Buenos Aires Najdorf"]
[Site "Buenos Aires"]
[Date "1991.??.??"]
[Round "2"]
[White "Milos, Gilberto"]
[Black "Tal, Mihail"]
[Result "1/2-1/2"]
[WhiteElo "2530"]
[BlackElo "2565"]
[Annotator "Ribli,Z"]
[PlyCount "40"]
[EventDate "1991.04.??"]
[EventType "tourn"]
[EventRounds "13"]
[EventCountry "ARG"]
[EventCategory "11"]
[SourceTitle "CBM 024"]
[Source "ChessBase"]
[SourceDate "1991.10.01"]
[SourceVersion "1"]
[SourceVersionDate "1991.10.01"]
[SourceQuality "1"]

1. c4 Nf6 2. Nc3 e6 3. e4 d5 4. e5 d4 5. exf6 dxc3 6. bxc3 Qxf6 7. Nf3 (7. d4
e5 8. Nf3 exd4 9. Bg5 Qe6+ 10. Be2 Be7 11. cxd4 Bxg5 12. Nxg5 Qe7 13. Qd2 O-O
14. O-O h6 15. Nf3 Bg4 16. Rfe1 Nc6 17. h3 $14 {Karpov,An-Yusupov,A Linares
1991 CBM/22}) 7... e5 8. Bd3 Na6 $5 (8... Bd6 9. O-O O-O 10. Be4 Nc6 11. Qc2
Kh8 12. Rb1 Qe7 13. Re1 $14 {Morovic,I-Van Riemsdijk,H Buenos Aires 1990 EXP/20
}) 9. O-O Bd6 10. Ba3 Bg4 11. Bxd6 Qxd6 12. Qa4+ Kf8 13. Be4 Nc5 14. Qc2 Re8
15. Rfe1 g6 16. h3 Bd7 17. d4 exd4 18. cxd4 Nxe4 19. Rxe4 Kg7 20. Ree1 b6
1/2-1/2

[Event "Munich SKA"]
[Site "Munich"]
[Date "1991.05.07"]
[Round "4"]
[White "Huebner, Robert"]
[Black "Christiansen, Larry Mark"]
[Result "1/2-1/2"]
[WhiteElo "2620"]
[BlackElo "2590"]
[Annotator "Ribli,Z"]
[PlyCount "81"]
[EventDate "1991.05.04"]
[EventType "tourn"]
[EventRounds "13"]
[EventCountry "GER"]
[EventCategory "14"]
[SourceTitle "CBM 023"]
[Source "ChessBase"]
[SourceDate "1991.08.01"]
[SourceVersion "1"]
[SourceVersionDate "1991.08.01"]
[SourceQuality "1"]

1. c4 Nf6 2. Nc3 e6 3. e4 d5 4. e5 Ne4 $5 (4... d4 5. exf6 dxc3 6. bxc3 Qxf6 7.
d4 e5 8. Nf3 $1 exd4 9. Bg5 Qe6+ 10. Be2 Be7 11. cxd4 Bxg5 12. Nxg5 Qe7 13. Qd2
O-O 14. O-O $14 {Karpov,An-Yusupov,A Linares 1991 CBM/22}) 5. cxd5 $6 (5. Nf3
Be7 6. d4 c5 7. cxd5 exd5 8. Bd3 Bf5 $2 (8... Nxc3 $5 9. bxc3 Bg4 {Oll}) 9. Qb3
$1 Nc6 10. Qxd5 Qa5 11. Bxe4 Rd8 12. Qc4 Bxe4 13. b4 $1 Nxb4 14. Nxe4 Nc2+ 15.
Ke2 Nxd4+ 16. Kf1 b5 17. Qd3 c4 18. Qb1 $16 {Oll-Bandza Helsinki 1990 50/13}) (
5. Nxe4 $5 dxe4 6. Qg4 Nc6 7. Qxe4 Qd4 8. Qxd4 Nxd4 9. Kd1 Bd7 10. d3 Bc6 11.
Ne2 Bc5 12. Be3 O-O-O 13. Bxd4 Bxd4 14. Nxd4 Rxd4 15. Kc2 Rhd8 16. Re1 b5 17.
cxb5 Bxb5 18. Re3 Rf4 19. f3 Rd5 20. Re4 $1 $16 {Cifuentes,P-Inkov,P Novi Sad
ol 1990 50/13}) 5... exd5 6. Nxe4 $2 (6. Nf3 $5) 6... dxe4 7. Qa4+ Nc6 8. Qxe4
Qd4 $1 9. Bd3 (9. Qxd4 $5 Nxd4 10. Kd1 Bf5 $1 11. d3 O-O-O 12. Be3 Bc5 13. Rc1
Bb6 14. Nf3 Rhe8 $44 {Drimer-Pogats Budapest 1961}) 9... Qxe4+ 10. Bxe4 Nxe5
11. Nf3 Nxf3+ 12. Bxf3 Bc5 13. d3 O-O 14. Be3 $10 Re8 15. Kd2 Bd6 16. Kc2 c6
17. Rad1 a5 18. h3 Be6 19. Kb1 a4 20. g4 Ra5 21. Rhe1 Rb5 22. Bd4 Rd8 23. Bc3
Bb4 24. Re5 Rxe5 25. Bxe5 Bc5 26. Rd2 Bd4 27. Bf4 f6 28. Bd1 b5 29. Bf3 Bd5 30.
Bxd5+ Rxd5 31. Rc2 c5 32. Kc1 Kf7 33. b3 a3 34. Kd1 Rd7 35. Bc1 b4 36. Ke2 Rd5
37. Rc4 Ke6 38. Be3 Kd6 39. Bxd4 Rxd4 40. Rxd4+ cxd4 41. f4 1/2-1/2

[Event "Budapest Honved"]
[Site "Budapest"]
[Date "1991.??.??"]
[Round "?"]
[White "Stern, Rene"]
[Black "Petrosian, Arshak B"]
[Result "1/2-1/2"]
[WhiteElo "2360"]
[BlackElo "2505"]
[Annotator "Ribli,Z"]
[PlyCount "56"]
[EventDate "1991.??.??"]
[EventType "tourn"]
[EventRounds "11"]
[EventCountry "HUN"]
[EventCategory "9"]
[SourceTitle "CBM 027"]
[Source "ChessBase"]
[SourceDate "1992.04.01"]
[SourceVersion "1"]
[SourceVersionDate "1992.04.01"]
[SourceQuality "1"]

1. c4 Nf6 2. Nc3 e6 3. e4 d5 4. e5 d4 5. exf6 dxc3 6. bxc3 Qxf6 7. d4 e5 8. Qe2
$6 Be7 9. dxe5 Qg6 10. g3 (10. Nh3 $2 Bxh3 11. gxh3 Nc6 12. Bf4 Rd8 13. Qe3 Nb4
$1 14. cxb4 Bxb4+ 15. Ke2 Bd2 $1 $19 {Nikolic,Pr-Yusupov,A Hastings 1989/90 49/
(19)}) 10... Nc6 11. Nh3 Qf5 12. f4 f6 13. Bg2 O-O 14. O-O Be6 15. exf6 Bxf6
16. Qxe6+ Qxe6 17. Bd5 Qxd5 18. cxd5 Bxc3 19. Rb1 Nb4 20. Bb2 Nxa2 21. Bxc3
Nxc3 22. Rxb7 Nxd5 23. Rd1 Rfd8 24. Ng5 a5 25. Ne6 Rd7 26. Nc5 Rdd8 27. Ne6 Rd7
28. Nc5 Rdd8 1/2-1/2

[Event "EU-chT (Men) 15th"]
[Site "Gothenburg"]
[Date "2005.07.30"]
[Round "1.1"]
[White "Aronian, Levon"]
[Black "Rozentalis, Eduardas"]
[Result "1/2-1/2"]
[WhiteElo "2724"]
[BlackElo "2567"]
[Annotator "Ribli,Z"]
[PlyCount "114"]
[EventDate "2005.07.30"]
[EventType "team-swiss"]
[EventRounds "9"]
[EventCountry "SWE"]
[SourceTitle "CBM 109"]
[Source "ChessBase"]
[SourceDate "2005.11.14"]
[SourceVersion "1"]
[SourceVersionDate "2005.11.14"]
[SourceQuality "1"]
[WhiteTeam "Armenia"]
[BlackTeam "Lithuania"]
[WhiteTeamCountry "ARM"]
[BlackTeamCountry "LTU"]

1. c4 Nf6 2. Nc3 e6 3. e4 {Die Mikenas-Variante wird relativ selten gespielt,
jedoch führt sie zu interessantem, oftmals scharfen Spiel.} d5 {3...c5 ist die
beachtenswerte Alternative, wonach Weiß entweder 4.e5 Ng8 5.Nf3 Nc6 6.d4 cxd4
7.Nxd4 Nxe5 8.Ndb5 ziehen kann, mit Kompensation, oder einfach 4.Nf3, was in
letzter Zeit sehr populär ist.} 4. e5 d4 5. exf6 dxc3 6. bxc3 Qxf6 7. Nf3 e5 8.
d4 {Die traditionelle und populäre Fortsetzung. Die Alternative 8.Bd3!? kommt
ebenfalls in Betracht; Weiß strebt damit einen Entwicklungsvorsprung an und
unterlässt in vielen Varianten den Zug d2-d4.} (8. Bd3 $5) 8... exd4 9. Bg5 $1
(9. cxd4 Bb4+ $11) 9... Qe6+ 10. Be2 Be7 11. cxd4 Bxg5 12. Nxg5 Qe7 (12... Qg6
$6 13. f4 O-O 14. O-O Nc6 15. d5 Ne7 16. Qd2 $14 {1-0 Lerner,K-Gyimesi,Z/
Koszalin 1999/CBM 073/[Ribli] (51)}) 13. Qd2 O-O (13... Nc6 14. d5 Ne5 15. O-O
O-O 16. Rfe1 Bf5 17. Qf4 (17. Rac1 b6 18. Qf4 f6 19. Nf3 Bd7 20. Nxe5 fxe5 21.
Qe3 {1-0 Rasmussen,K-Rozentalis,E/Linares open 2002/(50)}) 17... Qf6 18. Nf3
Rfe8 19. Nh4 $5 Ng6 20. Qxf5 Qxh4 21. Bf1 $14 {[%csl Gc4,Gd5,Gf5] 1-0 Ivanchuk,
V-Nielsen,P/Skanderborg 2003/CBM 98/[Ribli Zoltan ] (40)}) 14. f4 $146 {
[%mdl 4] Mit diesem Zug gewinnt Weiß Raum im Zentrum, aber nach meiner Meinung
ist die Fortsetzung 14.0-0 natürlicher und wahrscheinlich stärker.} (14. O-O h6
15. Nf3 c5 16. d5 Qd6 17. Rfe1 $14 {[%csl Ge1][%cal Ge1e8]} (17. Rab1 $5 b6 18.
Rb3 {[%csl Gc4,Gd5][%cal Gb3e3,Ge3e8]} Nd7 19. Re3 Bb7 20. Re1 {1/2-1/2
Zvjaginsev,V-Sargissian,G/Istanbul 2003/CBM 96/[Ribli] (70)}) 17... Nd7 (17...
Bf5 $5) 18. Rab1 (18. Bd3 Nf6 19. Rab1 b6 20. Ne5 Re8 21. f4 {0-1 Overeem,
M-Peek,M/Vlissingen 2004/CBM 101 ext (52)}) 18... Re8 19. Bd3 Rxe1+ 20. Qxe1 {
[%cal Ge1e8]} (20. Rxe1 $14) 20... Nf6 21. Nd2 (21. Ne5 $14) 21... g6 {1-0
Timman,J-Naiditsch,A/Dortmund 2002/CBM 91[Ribli Zoltan] (47)}) 14... Bg4 {
Dieser Zug führt zu Vereinfachungen und gleicher Stellung.} (14... h6 15. Nf3
c5 16. d5 $14) (14... f6 15. Nf3 Re8 16. Kf2 $14) 15. Kf2 Qxe2+ 16. Qxe2 Bxe2
17. Kxe2 Nd7 $11 {Weiß besitzt Raumvorteil, jedoch ist die schwarze Stellung
als sicher und ohne Schwächungen einzuschätzen.} 18. Rab1 Rfe8+ 19. Kd3 h6 20.
Ne4 (20. Nf3 Rad8 $11 21. Rxb7 $4 Nc5+ $19) 20... Rad8 {[%cal Gd8d3,Ge8e4] Die
schwarzen Türme stehen stark auf der d- und e-Linie, wonach 21...f5, gefolgt
von 22...Nc5+ droht.} 21. g4 {Auf diese Weise verteidigt sich Weiß gegen 21...
f5; nun ist der Bauer b7 angegriffen.} (21. Rxb7 $2 f5) 21... b6 22. Rhe1 Nf8 {
[%cal Gf8e6,Ge6d4,Ge6f4] Die schwarze Stellung ist nur scheinbar passiv, denn
er besitzt bpw. die Drohung, 23...Ne6.} (22... Nc5+ 23. Nxc5 Rxe1 24. Rxe1 bxc5
25. Re4 $14 (25. d5 c6 26. Re7 cxd5 27. Rxa7 dxc4+ 28. Kxc4 Rd4+ 29. Kxc5 Rxf4
30. h3 h5 (30... f5))) 23. f5 Nd7 (23... c5 24. d5 Nd7 25. h3 Ne5+ 26. Kc3 $14)
24. Kc3 (24. h3 $2 Ne5+ 25. Kc3 Nf3 26. Re3 Nxd4 27. Nf6+ gxf6 28. Rxe8+ Rxe8
29. Kxd4 Re2 $17) 24... Kf8 25. h3 Re7 {[%cal Gd8e8,Ge8e1] Interessant zu
sehen, wie Schwarz auf der 7. und 8. Reihe agiert.} 26. Ng3 (26. f6 {Dieses
Bauernopfer verschlechtert die schwarze Bauernstruktur, aber Weiß erhält
keinen Vorteil für das Bauernopfer.} Nxf6 27. Nxf6 Rxe1 (27... gxf6 28. Rxe7
Kxe7 29. Re1+ $11) 28. Rxe1 gxf6 29. Rf1 Rd6 30. Rf5 $11) 26... Rde8 27. Rxe7
Rxe7 {[%mdl 4096]} 28. Kd3 c5 $1 29. f6 $5 {[%csl Yf5][%cal Gg3f5] Weiß opfert
einen Bauern und bekommt aktives Figurenspiel.} (29. d5 $2 Ne5+ 30. Kc3 Nxg4 $1
{[%cal Re7e3,Re3c3,Re3g3]}) (29. Ne4 cxd4 30. Kxd4 Ne5 $11) 29... Nxf6 (29...
gxf6 $2 30. Nf5) 30. dxc5 bxc5 31. Nf5 $44 {[%csl Gb1,Gd3,Gf5] Weiß hat
ausreichende Kompensation für den Bauern: alle seine Figuren stehen aktiv.} (
31. Rb8+ Re8 32. Rb7 Re7 $11) 31... Rd7+ 32. Kc2 Kg8 33. Re1 (33. Rb5 $2 Ne4)
33... Rc7 34. a4 Kh7 35. a5 g6 36. Nd6 Rd7 37. Rd1 (37. Ne4 Nxe4 (37... Kg7 $2
38. Nxc5 Rc7 39. Re5) 38. Rxe4 Kg7 39. Re5 Rc7 $15) 37... a6 38. Rd3 {Weiß
droht 39.Ne4 (oder 39.Ne8) Rxd3 40.Nxf6+ Rg7 41.Ne8+ Kf8 42.Kxd3 Kxe8 43.Ke4
und 44.Kd5.} Re7 39. Rb3 Re2+ 40. Kc1 (40. Kd3 $2 Rh2) 40... Ne4 (40... Re7 41.
Rb6 (41. Kc2 $11) 41... Ne4 $11) 41. Nxf7 Kg7 42. Ne5 Nd6 (42... Kf6 43. Nf3)
43. Rb6 Rxe5 44. Rxd6 Re4 45. Rxa6 Rxc4+ $11 {Nach Vereinfachungen ist eine
Remisstellung erreicht. Auch wenn Weiß über einen entfernten Freibauern
verfügt, so bleibt er doch bedeutungslos.} 46. Kb2 Rb4+ 47. Ka3 Rb1 48. h4 (48.
Rc6 $2 Ra1+ 49. Kb3 Rxa5) 48... Kf7 49. Ra8 h5 50. g5 Ke6 51. a6 Kf5 52. Ka4
Kg4 53. Rg8 Kxh4 54. Rxg6 c4 55. Ka5 (55. Rc6 Kxg5 56. Rxc4 h4 $11) 55... c3
56. Rc6 Ra1+ 57. Kb6 Kxg5 (57... Kxg5 58. Rxc3 Rb1+ $11 (58... h4 $11)) 1/2-1/2

[Event "USA-ch"]
[Site "Key West"]
[Date "1994.??.??"]
[Round "9"]
[White "Christiansen, Larry Mark"]
[Black "Gulko, Boris F"]
[Result "1/2-1/2"]
[WhiteElo "2575"]
[BlackElo "2590"]
[Annotator "Ribli,Z"]
[PlyCount "50"]
[EventDate "1994.10.??"]
[EventType "tourn"]
[EventRounds "13"]
[EventCountry "USA"]
[EventCategory "13"]
[SourceTitle "CBM 044"]
[Source "ChessBase"]
[SourceDate "1995.02.01"]
[SourceVersion "1"]
[SourceVersionDate "1995.02.01"]
[SourceQuality "1"]

1. c4 Nf6 2. Nc3 e6 3. e4 d5 4. e5 d4 5. exf6 dxc3 6. bxc3 Qxf6 7. d4 e5 8. Nf3
exd4 9. Bg5 Qe6+ 10. Be2 f6 $5 11. Nxd4 Qf7 12. Bh4 $5 (12. Bf4 Bc5 13. Nb3 $5
(13. O-O O-O 14. Nb5 Na6 15. Qd5 c6 16. Qxf7+ Rxf7 17. Nd6 Re7 18. Rfe1 g5 $1
$10 {Schwartzman,G-Timoshenko,G/Bucharest ENE/1993/CBM40/INF59,20/}) 13... Ba3
14. O-O O-O 15. Bf3 c6 16. Qd4 Na6 $13 {Landenbergue,C-Masserey,Y/Biel/1994/
CBM43/}) 12... Bc5 13. Bh5 g6 14. Qe2+ Kf8 (14... Qe7 $2 15. Bxf6 $18) 15. Bf3
Kg7 16. O-O (16. Bd5 $5 Qe7 17. Qxe7+ Bxe7 18. O-O c6 19. Rfe1 $14) 16... Re8
17. Qd2 c6 18. Rfe1 Be7 19. Rab1 (19. Bg3 $5) 19... Na6 20. Bg3 (20. Nxc6 $5
bxc6 21. Bxc6 Be6 (21... Rb8 22. Rxb8 Nxb8 23. Bxe8 Qxe8 24. Qd4 $1 $44) (21...
Rd8 $2 22. Qe2 Bf5 23. Qxe7 Bxb1 24. Bxf6+ Kg8 25. Qxf7+ Kxf7 26. Bxd8 Rxd8 27.
Rxb1 $18) 22. Bxe8 Rxe8 23. Rb7 $44) 20... Nc5 21. h4 (21. Nxc6 bxc6 22. Bxc6
Bf5 $17) 21... Bd7 22. h5 Bf8 23. hxg6 hxg6 24. Red1 Rac8 25. Bf4 Kg8 1/2-1/2

[Event "Dortmund m1"]
[Site "Dortmund"]
[Date "2002.07.19"]
[Round "6"]
[White "Timman, Jan H"]
[Black "Naiditsch, Arkadij"]
[Result "1-0"]
[WhiteElo "2623"]
[BlackElo "2581"]
[Annotator "Ribli,Z"]
[PlyCount "105"]
[EventDate "2002.07.13"]
[EventType "match"]
[EventRounds "8"]
[EventCountry "GER"]
[SourceTitle "CBM 091"]
[Source "ChessBase"]
[SourceDate "2002.11.12"]
[SourceVersion "1"]
[SourceVersionDate "2002.11.12"]
[SourceQuality "1"]

1. c4 {Hecht} Nf6 2. Nc3 e6 3. e4 {Das ist die sogenannte Mikenas Variane -
eine scharfe Möglichkeit in der Englischen Eröffnung.} d5 {Die andere
Möglichkeit für Schwarz ist 3...c5.} 4. e5 d4 5. exf6 dxc3 6. bxc3 Qxf6 7. d4 {
Dieser Zug sieht sehr natürlich aus, aber in der letzten Zeit spielt man
lieber die Variante 7.Nf3 e5 8.Bd3, in der Weiß schnelle Figurenentwicklung
anstrebt und d2-d4 noch zurückhält.} e5 8. Nf3 exd4 9. Bg5 Qe6+ 10. Be2 Be7 11.
cxd4 Bxg5 12. Nxg5 Qe7 (12... Qg6 13. f4 O-O 14. O-O Nc6 15. d5 Ne7 16. Qd2 $14
(16. Qd4 Nf5 17. Qf2 Qb6 18. Bd3 Qxf2+ 19. Kxf2 h6 20. Nf3 Rd8 {1/2-1/2
Johannessen,L-Kulaots,K/Bergen NOR 2002/(42)}) 16... Bf5 17. g4 f6 18. Ne6 $5
Bxe6 19. dxe6 f5 20. Qd7 Rfe8 21. Rad1 {1-0 Lerner,K-Gyimesi,Z/Koszalin 1999/
CBM 73/[Ribli] (51)}) (12... Qf6 13. Qd2 O-O 14. O-O Nc6 15. d5 Nd4 16. Bd3 Bf5
17. Bxf5 Nxf5 18. Ne4 Qg6 19. Rfe1 Rad8 20. Qf4 b6 21. a4 Nd6 22. Nxd6 Qxd6 23.
Qxd6 Rxd6 24. a5 {1/2-1/2 Cramling,D-Wiedenkeller,M/Stockholm 1993/EXT 97 (24)}
) 13. Qd2 h6 (13... Nc6 $5 14. O-O Nxd4 15. Bh5 Be6 16. Nxf7 Bxf7 17. Bxf7+
Kxf7 18. Qxd4 Rhd8 $11) (13... O-O 14. O-O h6 {Das wäre nur Zugumstellung zu
unserer Partiefortsetzung.}) 14. Nf3 O-O 15. O-O c5 {Mit dieser Fortsetzung
möchte Schwarz die Zentrumsstellung befestigen, aber dieser Zug gefällt mir
nicht.} (15... Bg4 $6 16. Rab1 $1 (16. Rfe1 Nc6 17. h3 Bxf3 18. Bxf3 Qf6 19.
Re4 Rad8 20. Rd1 $14) 16... b6 17. h3 Bh5 18. Rb5 Bxf3 19. Bxf3 c6 20. Rbb1 Qd6
21. Rfd1 {1-0 Har Zvi,R-Liss,E/Rishon Le Ziyyon 1991/EXT 99 (41)}) (15... Nd7
$5) 16. d5 {Nach diesem Zug hat Weiß Raumvorteil und bessere Entwicklung.} Qd6
17. Rfe1 $14 {[%csl Ge1][%cal Ge1e8][%mdl 4] Ein prophylaktischer Zug - der
Turm steht gut auf der e-Linie.} (17. Qb2 Nd7 18. Bd3 Qf6 19. Qe2 Rd8 20. Rae1
Nf8 21. Ne5 Bf5 22. Qf3 Bxd3 23. Qxf6 gxf6 24. Nxd3 b5 25. Rc1 Rac8 26. Nf4 b4
{0-1 Illescas Cordoba,M-Pogorelov,R/Zaragoza 1996/EXT 97 (44)}) 17... Nd7 (
17... Na6 18. Bd3 Nb4 19. Be4 $14) (17... Bf5 $5) 18. Rab1 Re8 (18... b6 19.
Bd3 Bb7 20. Qe3 $36 {[%cal Ge1e7]}) 19. Bd3 Rxe1+ 20. Qxe1 {[%cal Ge1e8]} (20.
Rxe1 $14) 20... Nf6 21. Nd2 (21. Ne5 $14) 21... g6 (21... b6 22. Ne4 Nxe4 23.
Qxe4 g6 24. Qe8+ Kg7 25. Re1 $16) 22. h3 (22. Ne4 $6 Nxe4 23. Qxe4 Bf5 24. Qe2
Bxd3 25. Qxd3 Re8 $11) 22... b6 23. Qe3 Kg7 24. f4 $1 {[%cal Ge3e5][%mdl 32]
Mit diesem guten positionellen Zug bereitet Weiß 25.Qe5 vor.} Ba6 (24... Bd7
25. Qe5 $16) 25. Qe5 {[%csl Ge5] Die weiße Dame steht ausgezeichnet auf e5,
von wo sie die ganze schwarze Stellung lähmt.} Rd8 (25... Qxe5 26. fxe5 $16 {
[%csl Gd5,Ge5]}) 26. Rb3 $16 {[%cal Rb3a3,Ra3a7] Droht 27.Ra3.} b5 $6 {Schwarz
möchte endlich aktiv spielen, aber mit dem Textzug wird seine Bauernstellung
am Damenflügel sehr schwach.} (26... Bc8 $142 27. Ra3 (27. g4 $5) 27... a6) 27.
cxb5 Bb7 28. Bc4 Qxe5 (28... Bxd5 29. Rd3 {[%cal Rd3d8]} Kf8 30. Nb3 $16 {
[%cal Gb3c5]}) 29. fxe5 Nxd5 30. Rd3 {[%cal Gd3d8]} Rd7 31. Nb3 {[%csl Rc5]
[%cal Rb3c5] Nach diesem Zug verliert Schwarz mindestens einen Bauern.} Rc7 $6
(31... Nb6 $142 32. Rxd7 (32. Nxc5 Rc7 33. Nxb7 Nxc4 $132) 32... Nxd7 33. e6
fxe6 34. Bxe6 $16) 32. Bxd5 c4 33. Bxc4 Rxc4 {Hecht: '[#] Timman findet einen
zwingenden und schönen Gewinn.'} 34. Rd7 $1 ({Interessant war auch} 34. e6 {
Hecht} Re4 (34... Rc2 {Hecht} 35. Rd7 Bc8 36. Rxf7+ Kg8 37. Rd7 Kf8 38. e7+ Ke8
39. Rxa7 $18) 35. Nc5 Re1+ 36. Kf2 $18) 34... Bc8 35. Rxa7 Rb4 36. Rc7 Be6 37.
Nc5 Bxa2 38. e6 Rxb5 39. e7 Rb8 40. Ne4 Bb3 41. Rb7 $1 Rxb7 (41... Re8 {Hecht}
42. Nd6 $18) 42. e8=Q Be6 43. Qd8 h5 44. Qd4+ Kf8 45. Qh8+ Ke7 46. Qf6+ Kf8 47.
Nc5 Rb1+ 48. Kh2 Re1 49. Nd3 Re4 (49... Re2 {Hecht} 50. Nf4 $18) (49... Re3 {
Hecht} 50. Qd8+ Kg7 51. Qd4+ $18) 50. Ne5 Ke8 (50... Kg8 {Hecht} 51. Nxg6 $18)
51. Nc6 {[%csl Rd8,Re7]} Kd7 52. Qd8+ Kxc6 53. Qa8+ $18 1-0